[Event "197th open MGU"]
[Site "Sofia"]
[Date "2017.11.25"]
[Round "1.1"]
[White "Georgiev, Nikolay Zh."]
[Black "Andreev, Dobrotich"]
[Result "0-1"]
[WhiteElo "1588"]
[BlackElo "1829"]
[PlyCount "54"]
[EventDate "2017.11.25"]
[EventType "swiss"]
[EventRounds "6"]
[EventCountry "BUL"]
[SourceDate "2008.07.28"]

1. e4 c6 2. Nc3 d5 3. Qf3 Nf6 4. e5 d4 5. exf6 dxc3 6. Qxc3 gxf6 7. d4 Bf5 8.
Bd3 Bxd3 9. Qxd3 e6 10. Nf3 Bd6 11. Bh6 Qa5+ 12. Bd2 Qc7 13. g3 Nd7 14. O-O-O
O-O-O 15. Kb1 c5 16. dxc5 Bxc5 17. Qe2 Qb6 18. Rhf1 Ba3 19. Bc3 Nc5 20. Bxf6
Bxb2 21. Rxd8+ Rxd8 22. Bxb2 Qb4 23. Ka1 Rd6 24. Rb1 Qa5 25. Bd4 Rxd4 26. Nxd4
Qc3+ 27. Rb2 Na4 0-1

[Event "197th open MGU"]
[Site "Sofia"]
[Date "2017.11.25"]
[Round "1.2"]
[White "Kamenov, Valentin"]
[Black "Mladenov, Andrey"]
[Result "0-1"]
[WhiteElo "1773"]
[BlackElo "1552"]
[PlyCount "66"]
[EventDate "2017.11.25"]
[EventType "swiss"]
[EventRounds "6"]
[EventCountry "BUL"]
[SourceDate "2008.07.28"]

1. e4 c5 2. Nf3 Nc6 3. d4 cxd4 4. Nxd4 Nf6 5. Nc3 e5 6. Ndb5 d6 7. Bg5 a6 8.
Bxf6 gxf6 9. Na3 b5 10. Nd5 Bg7 11. c3 O-O 12. Bd3 Be6 13. Qh5 f5 14. exf5 Bxd5
15. f6 e4 16. fxg7 Re8 17. O-O Re5 18. Qe2 exd3 19. Qxd3 Qg5 20. f3 Qf5 21. Qd2
Rae8 22. Rf2 Qe6 23. Rd1 Re1+ 24. Rf1 Rxd1 25. Rxd1 Bxa2 26. Nc2 Bb3 27. Re1
Qd7 28. Ne3 Ne5 29. Qd4 Be6 30. f4 Nc4 31. f5 Bxf5 32. Nd5 Rxe1+ 33. Kf2 Re6
0-1

[Event "197th open MGU"]
[Site "Sofia"]
[Date "2017.11.25"]
[Round "1.3"]
[White "Sapareva, Magdalena"]
[Black "Ivanov, Daniel"]
[Result "0-1"]
[WhiteElo "1496"]
[BlackElo "1758"]
[PlyCount "108"]
[EventDate "2017.11.25"]
[EventType "swiss"]
[EventRounds "6"]
[EventCountry "BUL"]
[SourceDate "2008.07.28"]

1. b4 e5 2. Bb2 d6 3. e4 f5 4. exf5 Bxf5 5. a3 Nf6 6. d3 Be7 7. Nf3 O-O 8. Be2
Nbd7 9. Nh4 Be6 10. Nf3 c6 11. Nbd2 Qc7 12. Ng5 Bf7 13. Nxf7 Rxf7 14. Ne4 Nxe4
15. dxe4 Kh8 16. O-O Raf8 17. Bc4 Rf4 18. Qe2 Qb6 19. Bc1 Rh4 20. g3 Qd4 21.
Bd3 Qxa1 22. gxh4 Qc3 23. Qg4 Nf6 24. Qe6 Bd8 25. Qxd6 Rg8 26. Qc5 Qxc5 27.
bxc5 Nd7 28. Bg5 Nxc5 29. f4 Bb6 30. Kg2 h6 31. Be7 Nxd3 32. cxd3 Re8 33. Bb4
exf4 34. Rxf4 Rd8 35. Rf8+ Rxf8 36. Bxf8 Kg8 37. Bb4 h5 38. Kf3 Kf7 39. h3 Bd4
40. Kf4 Bf2 41. e5 Bxh4 42. d4 g6 43. a4 Ke6 44. Ke4 g5 45. Bd2 b6 46. a5 b5
47. a6 g4 48. hxg4 hxg4 49. Bb4 Be7 50. Ba5 b4 51. Bb6 g3 52. Bxa7 b3 53. Kd3
Kd5 54. Bb8 g2 0-1

[Event "197th open MGU"]
[Site "Sofia"]
[Date "2017.11.25"]
[Round "1.4"]
[White "Kostov, Nikolai"]
[Black "Dimova, Mariya"]
[Result "1-0"]
[WhiteElo "1631"]
[BlackElo "1434"]
[PlyCount "77"]
[EventDate "2017.11.25"]
[EventType "swiss"]
[EventRounds "6"]
[EventCountry "BUL"]
[SourceDate "2008.07.28"]

1. e4 e5 2. d4 exd4 3. Bc4 Bc5 4. Bxf7+ Kxf7 5. Qh5+ g6 6. Qxc5 Nc6 7. Nf3 d6
8. Qc4+ Be6 9. Qe2 Qf6 10. Ng5+ Kg7 11. O-O Nh6 12. Qd2 Bc4 13. Re1 Raf8 14. b3
Ba6 15. h3 Ng4 16. hxg4 h6 17. Nf3 Ne5 18. Nxe5 dxe5 19. c4 c5 20. f3 Qh4 21.
Qf2 Qf6 22. Rf1 b5 23. Na3 bxc4 24. Nxc4 g5 25. Qg3 Re8 26. Ba3 h5 27. gxh5
Rxh5 28. Bxc5 Bxc4 29. bxc4 Rc8 30. Qg4 Rhh8 31. Ba3 Rxc4 32. Rac1 Rh4 33. Qd7+
Kg6 34. Rxc4 Rh7 35. Qf5+ Qxf5 36. exf5+ Kxf5 37. g3 Rd7 38. Bb2 d3 39. Rc5 1-0

[Event "197th open MGU"]
[Site "Sofia"]
[Date "2017.11.25"]
[Round "2.1"]
[White "Andreev, Dobrotich"]
[Black "Kostov, Nikolai"]
[Result "1-0"]
[WhiteElo "1829"]
[BlackElo "1631"]
[PlyCount "87"]
[EventDate "2017.11.25"]
[EventType "swiss"]
[EventRounds "6"]
[EventCountry "BUL"]
[SourceDate "2008.07.28"]

1. e4 e5 2. Nf3 Nc6 3. Bb5 Nf6 4. O-O d6 5. d4 exd4 6. Nxd4 Bd7 7. Bg5 Be7 8.
Nc3 Nxd4 9. Qxd4 O-O 10. Bxd7 Nxd7 11. Bxe7 Qxe7 12. Nd5 Qd8 13. f4 c6 14. Ne3
Qb6 15. Qxb6 axb6 16. Nf5 Nf6 17. Nxd6 Rfd8 18. e5 Nd5 19. a3 Ne3 20. Rf2 Rd7
21. h3 b5 22. Re1 Nd5 23. Ne4 Ra4 24. Nc5 Rd8 25. Nxa4 bxa4 26. Rd1 b5 27. Rfd2
Rc8 28. c3 g6 29. g3 Kg7 30. Rxd5 cxd5 31. Rxd5 Rb8 32. Kf2 Rb7 33. Rd8 Rb6 34.
Ke3 h5 35. Ke4 Rb7 36. g4 hxg4 37. hxg4 Kh7 38. f5 gxf5+ 39. gxf5 Kg7 40. f6+
Kh7 41. Kf5 Kh6 42. Rd1 Kh7 43. Rg1 Rb8 44. Rg7+ 1-0

[Event "197th open MGU"]
[Site "Sofia"]
[Date "2017.11.25"]
[Round "2.2"]
[White "Ivanov, Daniel"]
[Black "Mladenov, Andrey"]
[Result "0-1"]
[WhiteElo "1758"]
[BlackElo "1552"]
[PlyCount "66"]
[EventDate "2017.11.25"]
[EventType "swiss"]
[EventRounds "6"]
[EventCountry "BUL"]
[SourceDate "2008.07.28"]

1. e4 c5 2. Nf3 Nc6 3. c4 d6 4. d4 cxd4 5. Nxd4 Nf6 6. Nc3 g6 7. Be2 Bg7 8. Be3
O-O 9. O-O a6 10. f3 Qc7 11. Qd2 Nxd4 12. Bxd4 Be6 13. Nd5 Bxd5 14. exd5 Nd7
15. b4 Bxd4+ 16. Qxd4 b6 17. f4 Rfc8 18. a4 a5 19. Rfb1 axb4 20. Rxb4 Ra5 21.
Bg4 f5 22. Be2 Rca8 23. Rb5 Rxa4 24. Rab1 R8a5 25. Qe3 Rxb5 26. Rxb5 Nc5 27. g4
fxg4 28. Bxg4 Rxc4 29. Be6+ Kg7 30. Rb1 Nxe6 31. Qxe6 Rxf4 32. Re1 Rf7 33. Kg2
Qc3 0-1

[Event "197th open MGU"]
[Site "Sofia"]
[Date "2017.11.25"]
[Round "2.3"]
[White "Kamenov, Valentin"]
[Black "Petrov, Stanislav"]
[Result "1-0"]
[WhiteElo "1773"]
[BlackElo "1751"]
[PlyCount "41"]
[EventDate "2017.11.25"]
[EventType "swiss"]
[EventRounds "6"]
[EventCountry "BUL"]
[SourceDate "2008.07.28"]

1. e4 e5 2. Nf3 d6 3. d4 exd4 4. Nxd4 Nf6 5. Nc3 Be7 6. Be2 O-O 7. Be3 a6 8.
Qd2 Re8 9. O-O-O Bf8 10. f3 Nbd7 11. Nf5 Ne5 12. Bg5 c6 13. Nxd6 Re6 14. Nxc8
Qxd2+ 15. Rxd2 Rxc8 16. f4 Neg4 17. Bxf6 Nxf6 18. e5 Nd5 19. Nxd5 cxd5 20. Bg4
Rec6 21. Bxc8 1-0

[Event "197th open MGU"]
[Site "Sofia"]
[Date "2017.11.25"]
[Round "2.4"]
[White "Damyanov, Boris"]
[Black "Georgiev, Nikolay Zh."]
[Result "1/2-1/2"]
[WhiteElo "1488"]
[BlackElo "1588"]
[PlyCount "77"]
[EventDate "2017.11.25"]
[EventType "swiss"]
[EventRounds "6"]
[EventCountry "BUL"]
[SourceDate "2008.07.28"]

1. e4 e5 2. Nf3 Nc6 3. d4 Nf6 4. Nc3 Bb4 5. d5 Ne7 6. Qd3 Ng6 7. a3 Bxc3+ 8.
bxc3 d6 9. Be2 O-O 10. h3 Nh5 11. O-O Nhf4 12. Bxf4 Nxf4 13. Qe3 f5 14. c4 b6
15. Bd3 Qf6 16. Kh2 Qg6 17. Rg1 Qh5 18. exf5 Nxd3 19. cxd3 Qf7 20. g4 g6 21.
Qh6 Kh8 22. Ng5 Qg7 23. Qxg7+ Kxg7 24. Ne6+ Bxe6 25. fxe6 Rxf2+ 26. Rg2 Raf8
27. Rxf2 Rxf2+ 28. Kg3 Rf4 29. Ra2 Kf6 30. g5+ Ke7 31. Rf2 Rxf2 32. Kxf2 c6 33.
Ke2 cxd5 34. cxd5 a6 35. Ke3 Kd8 36. d4 exd4+ 37. Kxd4 Kc7 38. a4 Kd8 39. Kc4
1/2-1/2

[Event "197th open MGU"]
[Site "Sofia"]
[Date "2017.11.25"]
[Round "2.5"]
[White "Dimova, Mariya"]
[Black "Sapareva, Magdalena"]
[Result "0-1"]
[WhiteElo "1434"]
[BlackElo "1496"]
[PlyCount "78"]
[EventDate "2017.11.25"]
[EventType "swiss"]
[EventRounds "6"]
[EventCountry "BUL"]
[SourceDate "2008.07.28"]

1. e4 e5 2. Nf3 Nc6 3. c3 Nf6 4. d3 d6 5. Be2 Be7 6. Na3 Be6 7. Bd2 a6 8. Nc2
h6 9. Qc1 d5 10. O-O dxe4 11. dxe4 Nxe4 12. Be3 O-O 13. Bd3 Nd6 14. Bxh6 e4 15.
Bxg7 Kxg7 16. Be2 exf3 17. gxf3 Rg8 18. Kh1 Nf5 19. Ne3 Rh8 20. Nxf5+ Bxf5 21.
Qf4 Bg6 22. Rad1 Qc8 23. Rg1 Bd6 24. Rxd6 cxd6 25. Qxd6 Qd8 26. Qf4 Qh4 27. Qc7
Qe7 28. Rxg6+ fxg6 29. Qxe7+ Nxe7 30. Kg2 Rh6 31. Bd3 Rah8 32. Be4 Rxh2+ 33.
Kf1 b6 34. Bb7 a5 35. a4 Rh1+ 36. Ke2 Rb1 37. b4 axb4 38. c4 Ra1 39. a5 Rxa5
0-1

[Event "197th open MGU"]
[Site "Sofia"]
[Date "2017.11.25"]
[Round "3.1"]
[White "Mladenov, Andrey"]
[Black "Andreev, Dobrotich"]
[Result "1-0"]
[WhiteElo "1552"]
[BlackElo "1829"]
[PlyCount "117"]
[EventDate "2017.11.25"]
[EventType "swiss"]
[EventRounds "6"]
[EventCountry "BUL"]
[SourceDate "2008.07.28"]

1. e4 c6 2. d4 d5 3. exd5 cxd5 4. Nf3 Nc6 5. c3 Bg4 6. Bd3 Bxf3 7. Qxf3 e6 8.
O-O Qf6 9. Qg3 Qe7 10. Bf4 Nf6 11. Qf3 Qd7 12. Nd2 Bd6 13. Bxd6 Qxd6 14. Rfe1
Ne7 15. Nf1 O-O 16. Ng3 Ng6 17. Nh5 Nxh5 18. Qxh5 Qf4 19. Re3 Qh6 20. Qxh6 gxh6
21. Bf1 Rfc8 22. g3 Rc7 23. a4 a5 24. Bg2 Ne7 25. f4 Nf5 26. Re5 Nd6 27. f5
Nxf5 28. Bxd5 Nxd4 29. cxd4 exd5 30. Rxd5 Re8 31. Rf1 Rc2 32. Rd7 Ree2 33.
Rfxf7 Re1+ 34. Rf1 Rxf1+ 35. Kxf1 Rxb2 36. Kg1 b6 37. d5 Rb4 38. Rb7 Kf8 39. d6
Ke8 40. Rxh7 Rxa4 41. Rxh6 Kd7 42. Kf2 Ra3 43. g4 a4 44. g5 Rc3 45. g6 Rc8 46.
Rh4 b5 47. Rb4 Kc6 48. h4 Kc5 49. d7 Rd8 50. Rg4 a3 51. g7 a2 52. g8=Q a1=Q 53.
Qxd8 Qa2+ 54. Ke3 Qe6+ 55. Re4 Qh3+ 56. Kf4 Qh2+ 57. Kg5 Qd2+ 58. Kh5 Qd1+ 59.
Rg4 1-0

[Event "197th open MGU"]
[Site "Sofia"]
[Date "2017.11.25"]
[Round "3.2"]
[White "Sapareva, Magdalena"]
[Black "Kamenov, Valentin"]
[Result "0-1"]
[WhiteElo "1496"]
[BlackElo "1773"]
[PlyCount "110"]
[EventDate "2017.11.25"]
[EventType "swiss"]
[EventRounds "6"]
[EventCountry "BUL"]
[SourceDate "2008.07.28"]

1. b4 e5 2. Bb2 d6 3. c4 Nc6 4. a3 Nf6 5. d3 Be7 6. Nf3 O-O 7. h3 Qe8 8. e4 Nd8
9. Nc3 c6 10. Be2 Ne6 11. O-O Nf4 12. Bc1 Ng6 13. Nh2 Be6 14. Ng4 Nd7 15. f4
exf4 16. Bxf4 Nxf4 17. Rxf4 Bg5 18. Rf1 f5 19. Nh2 Qg6 20. exf5 Bxf5 21. Bh5
Be3+ 22. Kh1 Qh6 23. Bg4 Qg6 24. Bxf5 Rxf5 25. Rxf5 Qxf5 26. Ne4 Qe6 27. Qg4
Re8 28. Qxe6+ Rxe6 29. Ng4 Bd4 30. Rf1 h5 31. Nh2 d5 32. cxd5 cxd5 33. Ng3 g6
34. Rc1 Rc6 35. Rxc6 bxc6 36. Nf3 Bb2 37. a4 a6 38. Ne2 Ba3 39. Ned4 c5 40.
bxc5 Nxc5 41. Nc2 Bb2 42. d4 Nxa4 43. Nb4 a5 44. Nxd5 Nc3 45. Nb6 a4 46. d5 a3
47. Nd2 a2 48. Nb3 Ne4 49. Nc4 Bf6 50. d6 Kf7 51. d7 Ke7 52. g4 hxg4 53. hxg4
Nc5 54. d8=Q+ Kxd8 55. Ncd2 Bc3 0-1

[Event "197th open MGU"]
[Site "Sofia"]
[Date "2017.11.25"]
[Round "3.3"]
[White "Kostov, Nikolai"]
[Black "Damyanov, Boris"]
[Result "1-0"]
[WhiteElo "1631"]
[BlackElo "1488"]
[PlyCount "53"]
[EventDate "2017.11.25"]
[EventType "swiss"]
[EventRounds "6"]
[EventCountry "BUL"]
[SourceDate "2008.07.28"]

1. d4 d5 2. e3 e6 3. Bd3 c5 4. c3 Nc6 5. f4 c4 6. Bc2 b5 7. Nf3 f6 8. e4 Be7 9.
O-O Nh6 10. Qe2 Nf7 11. exd5 exd5 12. b3 O-O 13. a4 Ba6 14. axb5 Bxb5 15. b4 a5
16. bxa5 Rxa5 17. Rxa5 Qxa5 18. Nh4 Nfd8 19. Qh5 f5 20. Nxf5 g6 21. Nxe7+ Nxe7
22. Qe5 Ndc6 23. Qe6+ Kh8 24. f5 gxf5 25. Bh6 Rd8 26. Qf6+ Kg8 27. Qg7# 1-0

[Event "197th open MGU"]
[Site "Sofia"]
[Date "2017.11.25"]
[Round "3.5"]
[White "Georgiev, Nikolay Zh."]
[Black "Dimova, Mariya"]
[Result "1-0"]
[WhiteElo "1588"]
[BlackElo "1434"]
[PlyCount "113"]
[EventDate "2017.11.25"]
[EventType "swiss"]
[EventRounds "6"]
[EventCountry "BUL"]
[SourceDate "2008.07.28"]

1. e4 d6 2. Nc3 c6 3. d4 Qc7 4. f4 Nf6 5. Nf3 Bg4 6. e5 Nd5 7. Ne4 Nd7 8. a3 f6
9. exd6 exd6 10. Bd3 Be7 11. O-O Nf8 12. h3 Be6 13. Ng3 O-O-O 14. f5 Bf7 15.
Ne2 g6 16. Nf4 Kb8 17. c4 Nb6 18. b3 a5 19. a4 d5 20. c5 Nc8 21. Ne2 Ka8 22.
Bf4 Qd7 23. Qd2 gxf5 24. Qxa5+ Na7 25. Bc7 Qc8 26. Bb6 Qb8 27. Bxf5 Be6 28.
Bxe6 Nxe6 29. Nh4 Rd7 30. Nf5 Bd8 31. Qxa7+ Qxa7 32. Bxa7 Kxa7 33. Nf4 Ng5 34.
Rae1 Ne4 35. Re2 Rg8 36. g4 h5 37. Nxh5 Rh7 38. Rxe4 dxe4 39. Kf2 Rc7 40. Ke3
Re8 41. Rf4 b6 42. Nd6 Ree7 43. cxb6+ Kxb6 44. Nxf6 Re6 45. Ndxe4 Rce7 46. Kd3
Ka5 47. g5 Kb4 48. h4 Rg7 49. h5 Bxf6 50. gxf6 Rf7 51. h6 Re8 52. Nd6 Rh7 53.
Nxe8 Rxh6 54. f7 Rh3+ 55. Ke4 Rh8 56. f8=Q+ Rxf8 57. Rxf8 1-0

[Event "197th open MGU"]
[Site "Sofia"]
[Date "2017.11.26"]
[Round "4.1"]
[White "Mladenov, Andrey"]
[Black "Kostov, Nikolai"]
[Result "1/2-1/2"]
[WhiteElo "1552"]
[BlackElo "1631"]
[PlyCount "35"]
[EventDate "2017.11.25"]
[EventType "swiss"]
[EventRounds "6"]
[EventCountry "BUL"]
[SourceDate "2008.07.28"]

1. Nf3 c5 2. g3 Nf6 3. Bg2 Nc6 4. d4 cxd4 5. Nxd4 Nxd4 6. Qxd4 g6 7. O-O Bg7 8.
c4 O-O 9. Nc3 d6 10. Rd1 Nd7 11. Qe3 Nc5 12. Ne4 Nxe4 13. Qxe4 Qc7 14. Qc2 Be6
15. Bd5 Bh3 16. Qb3 Rab8 17. Be3 b6 18. Rac1 1/2-1/2

[Event "197th open MGU"]
[Site "Sofia"]
[Date "2017.11.26"]
[Round "4.2"]
[White "Andreev, Dobrotich"]
[Black "Kamenov, Valentin"]
[Result "1-0"]
[WhiteElo "1829"]
[BlackElo "1773"]
[PlyCount "45"]
[EventDate "2017.11.25"]
[EventType "swiss"]
[EventRounds "6"]
[EventCountry "BUL"]
[SourceDate "2008.07.28"]

1. e4 Nf6 2. e5 Nd5 3. d4 d6 4. f4 g6 5. Nf3 Bg7 6. c3 Nc6 7. Bd3 O-O 8. O-O
Nb6 9. Nbd2 f6 10. Nh4 dxe5 11. Nxg6 hxg6 12. Bxg6 f5 13. Qh5 Rf6 14. fxe5 Rxg6
15. Qxg6 e6 16. Nf3 Bd7 17. Ng5 Qe8 18. Qh7+ Kf8 19. Rf3 Ne7 20. Rg3 Qg6 21.
Nxe6+ Qxe6 22. Qxg7+ Ke8 23. Qh8+ 1-0

[Event "197th open MGU"]
[Site "Sofia"]
[Date "2017.11.26"]
[Round "4.3"]
[White "Ivanov, Daniel"]
[Black "Georgiev, Nikolay Zh."]
[Result "1-0"]
[WhiteElo "1758"]
[BlackElo "1588"]
[PlyCount "67"]
[EventDate "2017.11.25"]
[EventType "swiss"]
[EventRounds "6"]
[EventCountry "BUL"]
[SourceDate "2008.07.28"]

1. e4 e5 2. Nf3 Nc6 3. d4 Nf6 4. d5 Ne7 5. Bd3 Ng6 6. c4 Bb4+ 7. Nc3 Bxc3+ 8.
bxc3 d6 9. h3 b6 10. Be3 O-O 11. a4 a5 12. Bg5 h6 13. Be3 Qe7 14. g4 Nh7 15.
Qd2 Nh4 16. Nxh4 Qxh4 17. O-O-O Bd7 18. Bc2 Qe7 19. f4 Qe8 20. fxe5 dxe5 21. d6
c5 22. h4 Bxg4 23. Rdg1 h5 24. Bd1 Qe6 25. Qg2 Qxc4 26. Qc2 Bxd1 27. Rxd1 Nf6
28. Rhg1 g6 29. Bg5 Nxe4 30. Be7 Rfe8 31. Rde1 Nxc3 32. Rxg6+ Kh8 33. Rh6+ Kg7
34. Qh7# 1-0

[Event "197th open MGU"]
[Site "Sofia"]
[Date "2017.11.26"]
[Round "5.1"]
[White "Georgiev, Nikolay Zh."]
[Black "Mladenov, Andrey"]
[Result "1-0"]
[WhiteElo "1588"]
[BlackElo "1552"]
[PlyCount "53"]
[EventDate "2017.11.25"]
[EventType "swiss"]
[EventRounds "6"]
[EventCountry "BUL"]
[SourceDate "2008.07.28"]

1. e4 c5 2. Nc3 Nc6 3. Bc4 d6 4. a3 Nf6 5. Ba2 g6 6. d3 Bg7 7. Bg5 O-O 8. Qd2
Nd4 9. Nd5 Nxd5 10. Bxd5 Ne6 11. Bxe6 Bxe6 12. c3 b5 13. Ne2 a5 14. O-O Bd7 15.
Bh6 Bc6 16. Bxg7 Kxg7 17. Ng3 e6 18. d4 c4 19. Qf4 f5 20. e5 g5 21. Qe3 f4 22.
Nh5+ Kh6 23. Qh3 Kg6 24. Nf6 Qe7 25. Qh5+ Kf5 26. g4+ fxg3 27. fxg3+ 1-0

[Event "197th open MGU"]
[Site "Sofia"]
[Date "2017.11.26"]
[Round "5.2"]
[White "Ivanov, Daniel"]
[Black "Andreev, Dobrotich"]
[Result "1/2-1/2"]
[WhiteElo "1758"]
[BlackElo "1829"]
[PlyCount "107"]
[EventDate "2017.11.25"]
[EventType "swiss"]
[EventRounds "6"]
[EventCountry "BUL"]
[SourceDate "2008.07.28"]

1. e4 c6 2. d4 d5 3. exd5 cxd5 4. Bd3 Nc6 5. c3 Nf6 6. h3 e6 7. Bf4 Bd6 8. Bxd6
Qxd6 9. Nf3 O-O 10. O-O a6 11. Nbd2 Bd7 12. Re1 Qc7 13. Qc2 Rfc8 14. Rac1 b5
15. Ne5 h6 16. Ndf3 Qb7 17. Nxc6 Bxc6 18. Ne5 b4 19. cxb4 Bb5 20. Qd2 Bxd3 21.
Nxd3 Rc4 22. Rxc4 dxc4 23. Nc5 Qb5 24. a4 Qb6 25. Qc3 Nd5 26. Qxc4 Qxb4 27.
Qxb4 Nxb4 28. b3 Rd8 29. Rd1 Rd5 30. f4 h5 31. Rd2 h4 32. Kf2 Rf5 33. Nd3 Nd5
34. g4 Rf6 35. g5 Rf5 36. Kf3 f6 37. gxf6 Nxf4 38. Nxf4 g5 39. Rg2 Rxf4+ 40.
Ke3 Rf5 41. b4 Kf7 42. Rf2 Rd5 43. Ke4 Rd7 44. Ke5 Rd5+ 45. Ke4 Rd7 46. Ke5 Rc7
47. Rg2 Rc3 48. Rxg5 Re3+ 49. Kf4 Rxh3 50. Ke5 Re3+ 51. Kf4 Rb3 52. Ke5 Re3+
53. Kf4 Re2 54. Rh5 1/2-1/2

[Event "197th open MGU"]
[Site "Sofia"]
[Date "2017.11.26"]
[Round "5.3"]
[White "Kamenov, Valentin"]
[Black "Kostov, Nikolai"]
[Result "1-0"]
[WhiteElo "1773"]
[BlackElo "1631"]
[PlyCount "81"]
[EventDate "2017.11.25"]
[EventType "swiss"]
[EventRounds "6"]
[EventCountry "BUL"]
[SourceDate "2008.07.28"]

1. e4 e5 2. Nf3 Nc6 3. Bc4 Bc5 4. c3 Nf6 5. d4 exd4 6. cxd4 Bb4+ 7. Nc3 Nxe4 8.
Qb3 O-O 9. O-O Bxc3 10. bxc3 Na5 11. Qc2 Nxc4 12. Qxe4 d5 13. Qd3 f6 14. Re1
Bg4 15. Bf4 Qd7 16. Nd2 Bf5 17. Qg3 Nxd2 18. Bxd2 Rfe8 19. Be3 Bg6 20. Re2 Qc6
21. Rc1 Qc4 22. Rd2 b5 23. Rb2 a5 24. h3 Re7 25. Qf3 Be4 26. Qf4 Rae8 27. g4
Bg6 28. h4 h5 29. gxh5 Bxh5 30. Qf5 Bf7 31. h5 Re4 32. h6 Be6 33. Qh5 Rg4+ 34.
Kh2 g6 35. h7+ Kh8 36. Qh6 Qc6 37. Bf4 Qd7 38. f3 Rxf4 39. Qxf4 Qxh7+ 40. Kg1
Bf5 41. Rh2 1-0

[Event "197th open MGU"]
[Site "Sofia"]
[Date "2017.11.26"]
[Round "5.4"]
[White "Dimova, Mariya"]
[Black "Damyanov, Boris"]
[Result "0-1"]
[WhiteElo "1434"]
[BlackElo "1488"]
[PlyCount "76"]
[EventDate "2017.11.25"]
[EventType "swiss"]
[EventRounds "6"]
[EventCountry "BUL"]
[SourceDate "2008.07.28"]

1. e4 c5 2. c3 g6 3. Nf3 Bg7 4. Be2 a6 5. d3 Nc6 6. Bf4 d5 7. e5 d4 8. c4 Bf5
9. a3 b5 10. b3 bxc4 11. bxc4 a5 12. Nbd2 a4 13. O-O f6 14. exf6 exf6 15. Nh4
Be6 16. Bf3 Qd7 17. Re1 Kf7 18. Ne4 Bf8 19. Rb1 Bf5 20. Nxf5 gxf5 21. Bh5+ Kg7
22. Qf3 Be7 23. Qg3+ Kf8 24. Nd6 Bxd6 25. Bxd6+ Nge7 26. Qh4 Qxd6 27. Re2 Rb8
28. Rbe1 Kg7 29. Re6 Qxe6 30. f3 Qd6 31. g4 Ng6 32. Qh3 Rhg8 33. gxf5 Nf4 34.
Qh4 Nxh5 35. Qxh5 Kh8+ 36. Kf1 Ne5 37. Re4 Rb1+ 38. Ke2 Rg2# 0-1

[Event "197th open MGU"]
[Site "Sofia"]
[Date "2017.11.26"]
[Round "6.1"]
[White "Andreev, Dobrotich"]
[Black "Sapareva, Magdalena"]
[Result "1-0"]
[WhiteElo "1829"]
[BlackElo "1496"]
[PlyCount "51"]
[EventDate "2017.11.25"]
[EventType "swiss"]
[EventRounds "6"]
[EventCountry "BUL"]
[SourceDate "2008.07.28"]

1. e4 c6 2. Nc3 e6 3. e5 Bb4 4. Qg4 Bf8 5. Ne4 g6 6. d4 f5 7. exf6 Nxf6 8.
Nxf6+ Qxf6 9. Bg5 Qf5 10. Qg3 Bg7 11. Bd3 Qd5 12. Nf3 Bxd4 13. Nxd4 Qxd4 14.
O-O-O Qg7 15. Qf4 Qf7 16. Qe5 O-O 17. h4 d5 18. h5 Nd7 19. Qh2 gxh5 20. Bh6 e5
21. Bxf8 Nxf8 22. Qxe5 Bg4 23. f3 Re8 24. Qg5+ Qg7 25. Qxg7+ Kxg7 26. fxg4 1-0

[Event "197th open MGU"]
[Site "Sofia"]
[Date "2017.11.26"]
[Round "6.2"]
[White "Damyanov, Boris"]
[Black "Ivanov, Daniel"]
[Result "0-1"]
[WhiteElo "1488"]
[BlackElo "1758"]
[PlyCount "70"]
[EventDate "2017.11.25"]
[EventType "swiss"]
[EventRounds "6"]
[EventCountry "BUL"]
[SourceDate "2008.07.28"]

1. e4 e6 2. d4 d5 3. e5 c5 4. c3 Qb6 5. Nf3 Nc6 6. Be2 Bd7 7. O-O Nge7 8. Na3
cxd4 9. cxd4 Nf5 10. Nc2 Rc8 11. b3 Be7 12. Bb2 f6 13. Bd3 fxe5 14. Nxe5 Nxe5
15. dxe5 O-O 16. Nd4 g6 17. Nxf5 gxf5 18. Kh1 Bb5 19. Qe2 Bxd3 20. Qxd3 Kh8 21.
Bc1 Qc6 22. Bh6 Rg8 23. Rac1 Qd7 24. Rxc8 Rxc8 25. f4 Qc6 26. Qg3 Rg8 27. Qh3
d4 28. Rg1 Qe4 29. Qh5 Rg6 30. Qh3 d3 31. Rc1 Rg8 32. Bg5 d2 33. Rg1 Bxg5 34.
fxg5 Rxg5 35. Qh6 Qxg2+ 0-1

[Event "197th open MGU"]
[Site "Sofia"]
[Date "2017.11.26"]
[Round "6.3"]
[White "Mladenov, Andrey"]
[Black "Dimova, Mariya"]
[Result "1-0"]
[WhiteElo "1552"]
[BlackElo "1434"]
[PlyCount "111"]
[EventDate "2017.11.25"]
[EventType "swiss"]
[EventRounds "6"]
[EventCountry "BUL"]
[SourceDate "2008.07.28"]

1. e4 d6 2. d4 c6 3. Nf3 Bg4 4. Be2 Nd7 5. O-O Ngf6 6. Nc3 Qc7 7. h3 Bh5 8. Bf4
h6 9. Re1 Nh7 10. Qd2 f6 11. d5 Rg8 12. Nd4 Bf7 13. Bg4 g5 14. Bh2 Bg7 15. Be6
Rd8 16. Bxf7+ Kxf7 17. Ne6 Qb6 18. Nxd8+ Rxd8 19. Rab1 Ne5 20. Bxe5 fxe5 21.
Qe3 c5 22. Qf3+ Nf6 23. Qf5 Kg8 24. Qe6+ Kh8 25. Re3 Nh5 26. Rf3 Nf4 27. Qg4
Qb4 28. a3 Qc4 29. g3 Ng6 30. Qe6 Kh7 31. Rf7 Rf8 32. Rxf8 Bxf8 33. Re1 b5 34.
Qf7+ Bg7 35. Qf5 a5 36. h4 Bf6 37. h5 b4 38. Qxg6+ Kh8 39. Qxh6+ Kg8 40. Nd1
Qxc2 41. Qg6+ Kh8 42. axb4 cxb4 43. h6 a4 44. Ne3 Qxb2 45. Ng4 Qc3 46. Rf1 Qf3
47. Nxf6 Qxf6 48. Qe8+ Kh7 49. Qxa4 e6 50. dxe6 Qxe6 51. Qxb4 Kxh6 52. Kg2 g4
53. Rh1+ Kg5 54. Qb7 Qf6 55. Qb3 Qg6 56. Qe3+ 1-0

[Event "197th open MGU"]
[Site "Sofia"]
[Date "2017.11.26"]
[Round "6.4"]
[White "Kostov, Nikolai"]
[Black "Georgiev, Nikolay Zh."]
[Result "1-0"]
[WhiteElo "1631"]
[BlackElo "1588"]
[PlyCount "99"]
[EventDate "2017.11.25"]
[EventType "swiss"]
[EventRounds "6"]
[EventCountry "BUL"]
[SourceDate "2008.07.28"]

1. d4 d5 2. e3 Nf6 3. Bd3 Bg4 4. f3 Bh5 5. Nh3 Nbd7 6. c4 e5 7. cxd5 Nxd5 8.
O-O exd4 9. exd4 Be7 10. Nc3 N7b6 11. Be4 Bg6 12. Re1 Bxe4 13. fxe4 Nf6 14. e5
Nfd5 15. Qg4 g6 16. Rf1 f5 17. exf6 Nxf6 18. Qe6 Nfd5 19. Qf7+ Kd7 20. Nxd5 Rf8
21. Nxb6+ axb6 22. Qd5+ Bd6 23. Bg5 Rxf1+ 24. Rxf1 Qe8 25. Qf7+ Kc6 26. Qc4+
Kd7 27. Qf7+ Qxf7 28. Rxf7+ Kc6 29. Rxh7 Rxa2 30. Rh6 Rxb2 31. Rxg6 b5 32. Nf4
b4 33. d5+ Kb5 34. h4 b3 35. Nd3 Rb1+ 36. Kf2 Kc4 37. Ke2 Rg1 38. Bf6 Kxd5 39.
h5 Bf8 40. Nb2 c5 41. Kd3 Rh1 42. Rg5+ Ke6 43. Bc3 b5 44. Ke4 Rh4+ 45. g4 Rh3
46. Nd3 Rxd3 47. Kxd3 c4+ 48. Kd4 b4 49. Kxc4 bxc3 50. Kxb3 1-0